• 首页
  • 本馆介绍
  • 公告通知
  • 最新文献
  • 馆藏检索
  • 电子资源
  • 读者导购
  • 参考咨询
  • 我的图书馆
  • 登录
  • 详细信息显示
  • 放入我的书架
  • 预约/预借图书
  • 作者相关作品
  • 分类相关作品
  • 丛书相关作品
  • 出版社相关作品

书目信息

  • 表格格式
  • 工作单格式
  • 卡片格式
题名:
门铃又响了
    
 
作者: 刘金江 , 陶路 编著
分册:  
出版信息: 长春   吉林科学技术出版社  2012
页数: 118页
开本: 23cm
丛书名: 世界五千年科技故事丛书
单 册:
中图分类: TN014-49
科图分类:
主题词: 无线电技术--普及读物
电子资源:
ISBN: 978-7-5384-6112-1
000 00905nam0 2200265 450
001 0103100771
005 20140317140710.0
010    @a978-7-5384-6112-1@dCNY18.00
100    @a20140305d2012 em y0chiy0120 ea
101 0  @achi
102    @aCN@b220000
105    @ay z 000yy
106    @ar
200 1  @a门铃又响了@9Men Ling You Xiang Liao;Le @e无线电发明的故事@f刘金江,陶路编著@b专著
210    @a长春@c吉林科学技术出版社@d2012
215    @a118页@d23cm
225 1  @a世界五千年科技故事丛书
330    @a本书内容包括科学巨匠的功绩、赫兹吹响了冲锋号、可敬的先行者们、波波夫脱颖而去、马克尼崭露头角等。
517 1  @a无线电发明的故事@9wu xian dian fa ming de gu shi
606 0  @a无线电技术@j普及读物
690    @aTN014-49@v5
701  0 @a刘金江@c(科普)@9liu jin jiang@4编著
701  0 @a陶路@c(科普)@9tao lu@4编著
801  0 @aCN@b110017@c20130226
905    @aBZT@dTN014-49@e1@f4@sTN014-49/1
    
    门铃又响了:无线电发明的故事/刘金江,陶路编著.-长春:吉林科学技术出版社,2012
    118页;23cm.-(世界五千年科技故事丛书)
    
    
    ISBN 978-7-5384-6112-1:CNY18.00
    本书内容包括科学巨匠的功绩、赫兹吹响了冲锋号、可敬的先行者们、波波夫脱颖而去、马克尼崭露头角等。
●
相关链接 在五车中查询图书 在当当中查询图书 在豆瓣中查询图书


正题名:门铃又响了     索取号:TN014-49/1         预约/预借

序号 登录号 条形码 馆藏地/架位号 状态 备注
1 2000051429   2000051429   旧书回溯/ [索取号:TN014-49/1] 在馆    
2 2000051430   2000051430   旧书回溯/ [索取号:TN014-49/1] 在馆    
3 2000051431   2000051431   旧书回溯/ [索取号:TN014-49/1] 在馆    
4 2000058900   2000058900   旧书回溯/ [索取号:TN014-49/1] 在馆    
山东省滨州职业学院图书馆 欢迎您!
大连网信软件有限公司© 版权所有